000 00969cab a2200313 4500
001 WB3108-12
008 090401t1995 xxu||||| |||| 00| 0 eng d
035 _a(Sirsi) u9512
041 _aeng
245 _aFunds want shake-up in property
260 _c1995
350 _a0
490 _aProperty Week
_v50(8) 23 February 1995, 7(1)
520 _aThe chief executive of PosTel has warned that pension funds will not invest in property unless there are changes in the market structure and approach to valuation.
650 _aALASTAIR ROSS GOOBEY
650 _aBPF
650 _aDERIVATIVES
650 _aEQUITIES
650 _aFORECASTS
650 _aINSTITUTIONAL INVESTMENT
650 _aINVESTMENT
650 _aLIQUIDITY
650 _aPENSION FUNDS
650 _aValuation
_96273
690 _aPROPERTY-COMMERCIAL PROPERTY-COMMERCIAL PROPERTY FINANCE AND INVESTMENT
690 _aFINANCE AND INVESTMENT
942 _n0
948 _c04/03/1997
999 _c5952
_d5952